000 01587nam0a22003011 4500
001 rc\2951066
005 20110830234818.0
035 _a(NLR Aleph) 007098686
090 _a6648015
_c6648015
100 _a20110830d1939 |||y0rusy50 ca
101 0 _arus
102 _aRU
105 _ay c |||||
200 1 _aˆ[‰Систематизированный перечень законов, постановлений, приказов, распоряжений и других материалов по учету, отчетности и смежным с ними вопросам, помещенных в картотеке до 1 января 1939 года]
_eАлф.-предм. указатель ...
_fЛенингр. контора орг. и механизации учета "Союзмашучет"
210 _aЛенинград
_cБ. и.
_d1939
215 _a50 с.
_d21 см
300 _aНа 4-й с. указаны составители: М.С. Лисовский и В.А. Сечкарев
300 _aНа тит. л. загл.: Алф.-предм. указатель к "Систематизир ..."
517 0 0 _aАлфавитно-предметный указатель к "Систематизированному перечню..."
702 1 _aЛисовский
_bМ. С.
_4220
702 1 _aСечкарев
_bВ. А.
_4220
710 0 2 _a"Союзмашучет", контора
_cЛенинград
801 0 _aRU
_bNLR
_gpsbo
801 1 _aRU
_bELAR
_2rusmarc
852 _aNLR
_j39-10/7019
852 _aNLR
_jП10 В-6/6
942 _cBOOK
980 _aNB